Jiný pohled na Čínu

Čína ako strategická veľmoc pre vyspelé krajiny sveta. Stručná ekonomicko-politická charakteristika Číny. Čínsky maoizmus. Lacná pracovná sila a konkurencia.

Enregistré dans:
Détails bibliographiques
Format: Chapitre de livre
Langue:tchèque
Sujets:
Tags: Ajouter un tag
Pas de tags, Soyez le premier à ajouter un tag!

MARC

LEADER 00000naa$a2200000$$$4500
001 0046190
005 20231106123446.4
041 0 |a cze 
044 |a CZ 
245 1 0 |a Jiný pohled na Čínu 
520 |a Čína ako strategická veľmoc pre vyspelé krajiny sveta. Stručná ekonomicko-politická charakteristika Číny. Čínsky maoizmus. Lacná pracovná sila a konkurencia. 
610 2 0 |a rast hospodársky 
610 2 0 |a Čína 
610 2 0 |a situácia hospodárska 
610 2 0 |a politika 
610 2 0 |a reformy hospodárske 
610 2 0 |a konkurencia 
610 2 0 |a krajiny vyspelé